Faculty of Law Library — Cairo University

Official Online Catalog

Note explicative sur le Code pénal et le Code d'instruction criminelle (Record no. 69534)

MARC details
000 -LEADER
fixed length control field 00905nam a2200289 4500
003 - CONTROL NUMBER IDENTIFIER
control field EG-GICUC
005 - DATE AND TIME OF LATEST TRANSACTION
control field 20260508123506.0
008 - FIXED-LENGTH DATA ELEMENTS--GENERAL INFORMATION
fixed length control field 260408b1904 ua|||||fr|||| 00| 0 fre d
040 ## - CATALOGING SOURCE
Original cataloging agency EG-GICUC
Language of cataloging fre
Transcribing agency EG-GICUC
Modifying agency EG-GICUC
Description conventions rda
043 ## - GEOGRAPHIC AREA CODE
Geographic area code f-ua---
082 04 - DEWEY DECIMAL CLASSIFICATION NUMBER
Edition number 21
Classification number 343.1
092 04 - LOCALLY ASSIGNED DEWEY CALL NUMBER (OCLC)
Edition number 21
099 ## - LOCAL FREE-TEXT CALL NUMBER (OCLC)
Classification number Law1 10 343.1 Mi . N 1904
110 ## - MAIN ENTRY--CORPORATE NAME
Corporate name or jurisdiction name as entry element Egypt
Subordinate unit Ministere de la justice
245 10 - TITLE STATEMENT
Title Note explicative sur le Code pénal et le Code d'instruction criminelle
264 #1 - PRODUCTION, PUBLICATION, DISTRIBUTION, MANUFACTURE, AND COPYRIGHT NOTICE
Place of production, publication, distribution, manufacture Le Caire :
Name of producer, publisher, distributor, manufacturer Imprimerie nationale,
Date of production, publication, distribution, manufacture, or copyright notice 1904.
300 ## - PHYSICAL DESCRIPTION
Extent 189 Pages
Dimensions 24 cm
336 ## - CONTENT TYPE
Source rda content
Content type term text
337 ## - MEDIA TYPE
Source rda media
Media type term Computer
338 ## - CARRIER TYPE
Source rda carrier
Carrier type term Online Resource
650 14 - SUBJECT ADDED ENTRY--TOPICAL TERM
Topical term or geographic name entry element Droit pénal général
Source of heading or term qrmak
650 14 - SUBJECT ADDED ENTRY--TOPICAL TERM
Topical term or geographic name entry element Législations pénales spéciales
651 1# - SUBJECT ADDED ENTRY--GEOGRAPHIC NAME
Source of heading or term qrmak
856 40 - ELECTRONIC LOCATION AND ACCESS
Uniform Resource Identifier <a href="https://fll.law.cu.edu.eg/fulltext/bks/B10-08240.pdf">https://fll.law.cu.edu.eg/fulltext/bks/B10-08240.pdf</a>
905 ## - Cataloger and Reviser Names
Cataloger Name: Radwa
942 ## - ADDED ENTRY ELEMENTS (KOHA)
Source of classification or shelving scheme Dewey Decimal Classification
Suppress in OPAC No
Koha item type Books
Edition 21
Holdings
Withdrawn status Lost status Source of classification or shelving scheme Damaged status Not for loan Collection Home library Current library Date acquired Total checkouts Full call number Barcode Date last seen Price effective from Koha item type Copy number
    Dewey Decimal Classification   Not for loan القانون الجنائي جــــامعة القــاهرة مكتبة كلية الحقوق - المبنى الرئيسي 08.04.2026   Law1 10 343.1 Mi . N 1904 1008240 C1 B10-08240 08.04.2026 08.04.2026 Books  
    Dewey Decimal Classification     القانون الجنائي جــــامعة القــاهرة مكتبة كلية الحقوق - المبنى الرئيسي 15.04.2026   Law1 10 343.1 Mi . N 1904 1009933 C2 B10-10076 15.04.2026 15.04.2026 Books 2
    Dewey Decimal Classification     القانون الجنائي جــــامعة القــاهرة مكتبة كلية الحقوق - فـرع الشيخ زايد 15.04.2026   Law1 10 343.1 Mi . N 1904 1009934 C3 B10-09934 15.04.2026 15.04.2026 Books 3

© All rights reserved — Faculty of Law, Cairo University